Ciudadanos del mundo: hacia una teoría de la ciudadanía

Saved in:
書目詳細資料
主要作者: Cortina Orts, Adela (Author)
格式: 圖書
語言:西班牙语
出版: Madrid Alianza 1998
版:2a. ed
主題:
標簽: 添加標簽
沒有標簽, 成為第一個標記此記錄!

MARC

LEADER 00000cam a2200000 a 4500
001 UCM3844
003 CL-VaPUC
008 020719e19980000SP |||||||||||||||||spa|d
020 |a 8420642574 
082 0 4 |a 172  |b COR  |2 21 
100 0 |a Cortina Orts, Adela  |e author  |9 470466 
245 1 0 |a Ciudadanos del mundo: hacia una teoría de la ciudadanía 
250 |a 2a. ed 
300 |a 265 p 
942 |c BK 
945 |d 20020719 00:00:00  |a cmena 
260 |a Madrid  |b Alianza  |c 1998 
650 0 |a Etica política   |9 255799 
650 0 |a Ciudadanía  |9 258339 
650 0 |a Etica y derecho  |9 341370 
583 |a last modification  |c 20170223 04:35:42  |k Rodrigo Vera 
999 |c 300908  |d 300906 
952 |0 0  |1 0  |4 0  |6 172_000000000000000_COR_1998  |7 0  |8 A  |9 359303  |a BIBTEO  |b BIBTEO  |d 2019-11-21  |i 3831086  |l 1  |m 1  |o 172 COR 1998  |p 3831086  |r 2025-01-17  |s 2024-10-01  |w 2019-11-21  |y BK  |k ICR 
952 |0 0  |1 2  |4 0  |6 172_000000000000000_COR_1998  |7 0  |8 A  |9 359304  |a BIBTEO  |b BIBTEO  |d 2019-11-21  |i 4105508  |o 172 COR 1998  |p 4105508  |r 2019-11-21  |w 2019-11-21  |y BK  |k ICR 
952 |0 0  |1 2  |4 0  |6 172_000000000000000_COR_1998  |7 0  |8 A  |9 359305  |a BIBTEO  |b BIBTEO  |d 2019-11-21  |i 4105516  |o 172 COR 1998  |p 4105516  |r 2019-11-21  |w 2019-11-21  |y BK  |k ICR 
952 |0 0  |1 0  |4 0  |6 172_000000000000000_COR_1998  |7 0  |8 A  |9 359306  |a BIBTEO  |b BIBTEO  |d 2019-11-21  |i 4105524  |o 172 COR 1998  |p 4105524  |r 2025-01-17  |w 2019-11-21  |y BK  |k ICR 
952 |0 0  |1 0  |4 0  |6 172_000000000000000_COR_1998  |7 0  |8 A  |9 359307  |a BIBTEO  |b BIBTEO  |d 2019-11-21  |i 4105532  |o 172 COR 1998  |p 4105532  |r 2025-01-17  |w 2019-11-21  |y BK  |k ICR 
952 |0 0  |1 0  |4 0  |6 172_000000000000000_COR_1998  |7 0  |8 A  |9 359308  |a BIBEDU  |b BIBEDU  |d 2019-11-21  |i 4105540  |l 2  |o 172 COR 1998  |p 4105540  |r 2023-07-06  |s 2023-07-06  |w 2019-11-21  |y BK  |k EDU 
952 |0 0  |1 0  |4 0  |6 172_000000000000000_COR_1998  |7 0  |8 A  |9 359309  |a BIBEDU  |b BIBEDU  |d 2019-11-21  |i 4105559  |o 172 COR 1998  |p 4105559  |r 2019-11-21  |w 2019-11-21  |y BK  |k EDU 
952 |0 0  |1 0  |3 erb  |4 0  |6 172_000000000000000_COR_1998  |7 0  |8 A  |9 359310  |a BIBENE  |b BIBENE  |i 5327857  |o 172 COR 1998  |p 5327857  |r 2024-01-16  |w 2019-11-21  |y BK  |z Catalogado en:20170226  |k ICO